000
00335nam a22001457a 4500
008
210426b ||||| |||| 00| 0 eng d
020
_a
9780759101487
041
_a
eng
080
_2
3rd
_a
591
082
_a
591
100
_a
24
101
_a
ANT
245
_a
Research Methods in Anthropology
_c
H. Russell Bernard
942
_2
udc
_c
BK
999
_c
56795
_d
56795